First principles of philosophy: direction of mental activity in the science of perfection. / (Record no. 2631)
[ view plain ]
| 000 -LEADER | |
|---|---|
| fixed length control field | 01126nam a22001697a 4500 |
| 008 - FIXED-LENGTH DATA ELEMENTS--GENERAL INFORMATION | |
| fixed length control field | 121204t xxu||||| |||| 00| 0 eng d |
| 050 ## - LIBRARY OF CONGRESS CALL NUMBER | |
| Classification number | BF1999.H3243 |
| 100 ## - MAIN ENTRY--PERSONAL NAME | |
| Personal name | Hall, Manly Palmer |
| 245 ## - TITLE STATEMENT | |
| Title | First principles of philosophy: direction of mental activity in the science of perfection. / |
| Statement of responsibility, etc. | Manly Palmer Hall |
| 250 ## - EDITION STATEMENT | |
| Edition statement | 2nd ed. |
| 260 ## - PUBLICATION, DISTRIBUTION, ETC. | |
| Place of publication, distribution, etc. | Califonia: |
| Name of publisher, distributor, etc. | Philosophical Research Society Inc, |
| Date of publication, distribution, etc. | c1949. |
| 300 ## - PHYSICAL DESCRIPTION | |
| Extent | 199 p.: |
| Dimensions | 23cm. |
| 500 ## - GENERAL NOTE | |
| General note | Includes index. |
| 505 ## - FORMATTED CONTENTS NOTE | |
| Formatted contents note | Contents: Metaphysics, the nature of being and of God: The Nature of knowledge and of truth -- The Nature of energy and of creation -- The Nature of divine and human relationships -- Logic, the rule of reason -- Ethics, the code of conduct -- Psychology, the science of soul -- Epistemology, the nature of knowledge -- Esthetics, the urge to beauty: A Little essay on beauty -- Theurgy, the living of wisdom -- The Beginning of Greek philosophy -- Great sayings of the sophists -- Definitions in philosophy -- The Lotus of the law -- The Ten bulls -- Destruction of the Alexandrian library. |
| 650 ## - SUBJECT ADDED ENTRY--TOPICAL TERM | |
| Topical term following geographic name entry element | Occultism |
| General subdivision | History. |
| 942 ## - ADDED ENTRY ELEMENTS (KOHA) | |
| Source of classification or shelving scheme | Library of Congress Classification |
| Koha item type | Books |
| Withdrawn status | Lost status | Source of classification or shelving scheme | Damaged status | Not for loan | Home library | Current library | Shelving location | Date acquired | Total Checkouts | Full call number | Barcode | Date last seen | Price effective from | Koha item type |
|---|---|---|---|---|---|---|---|---|---|---|---|---|---|---|
| Library of Congress Classification | WISCONSIN INTERNATIONAL UNIVERSITY COLLEGE, GHANA - MAIN LIBRARY | WISCONSIN INTERNATIONAL UNIVERSITY COLLEGE, GHANA - MAIN LIBRARY | AEC | 04/12/2012 | BF1999.H3243 | 6853/12 | 04/12/2012 | 04/12/2012 | Books |
